Life and times : (Record no. 33795)

MARC details
000 -LEADER
fixed length control field 00745nam a22002297a 4500
008 - FIXED-LENGTH DATA ELEMENTS--GENERAL INFORMATION
fixed length control field 251108b |||||||| |||| 00| 0 eng d
017 ## - LEGAL DEPOSIT NUMBER
Legal deposit number LD.1378
018 ## - LEGAL DEPOSIT YEAR
LDD Year 2025
020 ## - INTERNATIONAL STANDARD BOOK NUMBER
ISBN 9789787843215
040 ## - CATALOGING SOURCE
Original cataloging agency NLN
Language of cataloging English
Description conventions AACR2
100 ## - MAIN ENTRY--AUTHOR
Author EKE, Uneni
Relator term aut
245 ## - TITLE STATEMENT
Title Life and times :
Statement of responsibility, etc Uneni Eke
Remainder of title Sir Princewill Ogbuji Ajuzie KSC /
260 ## - PUBLICATION, DISTRIBUTION, ETC. (IMPRINT)
Place of publication Isiala Ngwa South, Abia State (Avoy Villa, Umuekene) :
Name of publisher Alden,
Date of publication 2023
300 ## - COLLATION
Pagination 88p. :
Other physical details ill. (some col.) , ports. (some col.) ; 28cm.
563 ## - BINDING INFORMATION
Binding note (pbk)
650 ## - TRACINGS
Main Subject Ajuzie, Princewill Ogbuji, 1934-2023
650 ## - TRACINGS
Main Subject Sales executive
Subdivision (1st) Nigeria
Subdivision (2nd) Biography
942 ## - ADDED ENTRY ELEMENTS (KOHA)
Item type Books
Suppress in OPAC No
050 ## - LIBRARY OF CONGRESS CALL NUMBER
Classification number DT515.83
Item number .E36
082 ## - DEWEY DECIMAL CLASSIFICATION NUMBER
Classification number 923.8
Holdings
Source of classification or shelving scheme Not for loan Home library Current library Date acquired Mode of acquisition Accession No. Full call number Barcode. Copy number Koha item type
Library of Congress Classification   ABUJA LIBRARY BRANCH National Library of Nigeria 08/11/2025 Legal deposit 456968 DT515.83 .E36 456968 1 Books
Library of Congress Classification   EKITI BRANCH LIBRARY National Library of Nigeria 08/11/2025 Legal deposit 456967 DT515.83 .E36 456967 1 Books
Library of Congress Classification   LAGOS BRANCH National Library of Nigeria 08/11/2025 Legal deposit 456969 DT515.83 .E36 456969 1 Books

National Library of Nigeria OPAC is powered by Koha